| 000 | 00667na a2200217 4500 | ||
|---|---|---|---|
| 001 | 21152 | ||
| 003 | MIRAKIL | ||
| 005 | 20181213154952.0 | ||
| 008 | 170207b tu 000 0 | ||
| 040 |
_aMilas _btur _cTR-AnCHP |
||
| 041 | _atur | ||
| 082 |
_a351.7223 _bİ15i 2009 |
||
| 090 | _a351.7223 İ15i 2009 | ||
| 110 | _aİçişleri Bakanlığı | ||
| 245 |
_a2009 mali yılı bütçe tasarısı _cİçişleri Bakanlığı |
||
| 260 |
_aAnkara _bİçişleri Bakanlığı _c2009 |
||
| 300 |
_ayaklaşık 60 s. _btbl. _c20 sm. |
||
| 610 |
_aİçişleri Bakanlığı _xBütçe tasarısı _y2009 |
||
| 710 | _aT.C. İçişleri Bakanlığı | ||
| 942 |
_2ddc _cBKS |
||
| 999 |
_c4083 _d4083 |
||